Monete del mondo - Statistics

Statistiche generali
  • Questo quiz è stato fatto 40 volte
  • Il punteggio medio è 29 su 196
Statistiche sulle risposte
Paese Moneta % Corretto
Andorra euro
69%
Austria euro
62%
Belgio euro
54%
Città del Vaticano euro
54%
Francia euro
54%
Italia euro
54%
Germania euro
46%
Paesi Bassi euro
46%
Australia dollaro australiano
38%
Finlandia euro
38%
Grecia euro
38%
Irlanda euro
38%
Lussemburgo euro
38%
Monaco euro
38%
Portogallo euro
38%
San Marino euro
38%
Albania lek
38%
Regno Unito sterlina
38%
Giappone yen
38%
Afghanistan afghani
31%
Norvegia corona norvegese
31%
Algeria dinaro algerino
31%
Canada dollaro canadese
31%
Bahamas dollaro delle bahamas
31%
Nuova Zelanda dollaro neozelandese
31%
Cipro euro
31%
Croazia euro
31%
Estonia euro
31%
Kosovo euro
31%
Lettonia euro
31%
Lituania euro
31%
Malta euro
31%
Slovacchia euro
31%
Slovenia euro
31%
Spagna euro
31%
Brasile real
31%
Danimarca corona danese
23%
Islanda corona islandese
23%
Emirati Arabi Uniti dirham
23%
Antigua e Barbuda dollaro dei caraibi orientali
23%
Barbados dollaro di barbados
23%
Montenegro euro
23%
Azerbaigian manat azero
23%
Argentina peso argentino
23%
Cile peso cileno
23%
Colombia peso colombiano
23%
Cuba peso cubano
23%
Messico peso messicano
23%
Arabia Saudita rial saudita
23%
Russia rublo
23%
Bielorussia rublo bielorusso
23%
Corea del Nord won nordcoreano
23%
Corea del Sud won sudcoreano
23%
Thailandia baht
15%
Bolivia boliviano
15%
Costa Rica colon
15%
Repubblica Ceca corona ceca
15%
Svezia corona svedese
15%
Iraq dinaro iracheno
15%
Grenada dollaro dei caraibi orientali
15%
Belize dollaro del belize
15%
Brunei dollaro del brunei
15%
Giamaica dollaro giamaicano
15%
Ecuador dollaro statunitense
15%
El Salvador dollaro statunitense
15%
Isole Marshall dollaro statunitense
15%
Stati Uniti dollaro statunitense
15%
Armenia dram
15%
Capo Verde escudo
15%
Repubblica Democratica del Congo franco congolese
15%
Liechtenstein franco svizzero
15%
Svizzera franco svizzero
15%
Camerun franco XAF
15%
Ciad franco XAF
15%
Repubblica del Congo franco XAF
15%
Gabon franco XAF
15%
Guinea Equatoriale franco XAF
15%
Benin franco XOF
15%
Burkina Faso franco XOF
15%
Costa d'Avorio franco XOF
15%
Guinea Bissau franco XOF
15%
Niger franco XOF
15%
Angola kwanza
15%
Eswatini lilangeni
15%
Turchia lira turca
15%
Bosnia ed Erzegovina marco bosniaco
15%
Nigeria naira
15%
Bhutan ngultrum
15%
Filippine peso filippino
15%
Botswana pula
15%
Sudafrica rand
15%
Cambogia riel
15%
India rupia indiana
15%
Indonesia rupia indonesiana
15%
Kenya scellino keniota
15%
Bangladesh taka
15%
Cina yuan
15%
Polonia zloty
15%
Madagascar ariary
8%
Panama balboa
8%
Etiopia birr
8%
Venezuela bolivar
8%
Ghana cedi
8%
Nicaragua cordoba
8%
Gambia dalasi
8%
Bahrain dinaro del bahrein
8%
Giordania dinaro giordano
8%
Macedonia del Nord dinaro macedone
8%
Serbia dinaro serbo
8%
Tunisia dinaro tunisino
8%
Marocco dirham marocchino
8%
São Tomé e Príncipe dobra
8%
Nauru dollaro australiano
8%
Saint Kitts and Nevis dollaro dei caraibi orientali
8%
Santa Lucia dollaro dei caraibi orientali
8%
Saint Vincent dollaro dei caraibi orientali
8%
Isole Salomone dollaro delle salomone
8%
Singapore dollaro di singapore
8%
Tuvalu dollaro statunitense
8%
Vietnam dong
8%
Ungheria fiorino
8%
Burundi franco del burundi
8%
Gibuti franco gibutiano
8%
Guinea franco guineano
8%
Repubblica Centrafricana franco XAF
8%
Mali franco XOF
8%
Senegal franco XOF
8%
Togo franco XOF
8%
Haiti gourde
8%
Paraguay guarani
8%
Zambia kwacha zambiano
8%
Myanmar / Birmania kyat
8%
Georgia lari
8%
Honduras lempira
8%
Sierra Leone leone
8%
Moldavia leu moldavo
8%
Romania leu rumeno
8%
Bulgaria lev
8%
Turkmenistan manat turkmeno
8%
Mozambico metical
8%
Eritrea nacfa
8%
Repubblica Dominicana peso dominicano
8%
Uruguay peso uruguaiano
8%
Guatemala quetzal
8%
Iran rial iraniano
8%
Malesia ringgit
8%
Nepal rupia nepalese
8%
Pakistan rupia pakistana
8%
Sri Lanka rupia singalese
8%
Tanzania scellino tanzaniano
8%
Kirghizistan som kirghiso
8%
Tagikistan somoni
8%
Uzbekistan som uzbeko
8%
Egitto sterlina egiziana
8%
Kazakistan tenge
8%
Kuwait dinaro kuwaitiano
0%
Libia dinaro libico
0%
Kiribati dollaro australiano
0%
Guyana dollaro della guyana
0%
Figi dollaro delle fiji
0%
Trinidad e Tobago dollaro di trinidad e tobago
0%
Liberia dollaro liberiano
0%
Namibia dollaro namibiano
0%
Micronesia dollaro statunitense
0%
Palau dollaro statunitense
0%
Timor Est dollaro statunitense
0%
Suriname dollaro surinamese
0%
Taiwan dollaro taiwanese
0%
Zimbabwe dollaro zimbabwese
0%
Comoros franco comoriano
0%
Ruanda franco ruandese
0%
Ucraina grivna
0%
Papua Nuova Guinea kina
0%
Laos kip
0%
Malawi kwacha
0%
Siria lira siriana
0%
Lesotho loti
0%
Perù nuevo sol
0%
Israele nuovo sicli
0%
Mauritania ouguiya
0%
Tonga pa anga
0%
Dominica peso dominicano
0%
Qatar rial del qatar
0%
Oman rial omanita
0%
Yemen rial yemenita
0%
Maldive rufiyaa
0%
Seychelles rupia delle seychelles
0%
Mauritius rupia mauriziana
0%
Somalia scellino somalo
0%
Uganda scellino ugandese
0%
Libano sterlina libanese
0%
Sudan sterlina sudanese
0%
Sud Sudan sterlina sud sudanese
0%
Samoa taka
0%
Mongolia tugrik
0%
Vanuatu vatu
0%
Nessun quiz corrispondente trovato
Distribuzione punteggi
Percentuale di utenti per punteggio
Percentile per numero di risposta
I tuoi punteggi nel tempo
Non hai fatto questo quiz